000 00288nam a22001337a 4500
008 181015b xxu||||| |||| 00| 0 eng d
020 _a9780072871975
041 _aeng
080 _24th
_a371
100 _a25
101 _aEDU
245 _aOpening Doors
_cCortina,J
942 _2udc
_cBK
999 _c49618
_d49618